000 01147nam a22003737a 4500
001 0049548
003 KOHA_MİRAKIL
005 20260207003656.0
007 ta
008 150629b2014 tu |||gr||||#||||0|tur |
020 _a9786055022242
040 _aTR-BiSEU
_btur
_cTR-BiSEU
_erda
041 0 _atur
044 _ctu
050 _aB8.T9
_bS83 2014
100 0 _aSubhi Edhem.
245 1 _aHayat ve mevt/
_cSubhi Edhem ; Subhi Edhem; Yayına Hazırlayanlar Remzi Demir, Tuba Uymaz,Ali Kut.
264 1 _aKonya :
_bÇizgi
_c2014
300 _a83 sayfa; 23 cm.
336 _ametin
_btxt
_2rdacontent
337 _aaracısız
_bn
_2rdamedia
338 _acilt
_bnc
_2rdacarrier
490 1 _aÇizgi Kitabevi yayınları ;
_v462.
490 1 _aFelsefe ;
_v30.
650 0 _aPhilosophy--Turkish Islamic Thought.
_991171
650 0 _aTurkish Thought.
_991172
650 0 _aScience.
_92544
650 0 _aFelsefe--Türk-İslam Düşüncesi.
_991173
650 0 _aTürk Düşüncesi.
_991174
650 0 _aBilim.
_99118
830 1 _aÇizgi Kitabevi yayınları ;
_v462.
_98011
830 1 _aFelsefe ;
_v30.
_98048
942 _2lcc
_cBK
999 _c49385
_d49385